Perspektiven der Wirtschaftspolitik <eine> Zeitschrift des Vereins für Socialpolitik

Na minha lista:
Detalhes bibliográficos
Formato: Periódico
Idioma:alemão
Publicado em: Oxford Blackwell Publ. 2010
Assuntos:
Tags: Adicionar Tag
Sem tags, seja o primeiro a adicionar uma tag!

MARC

LEADER 00000nas2a2200000 4500
001 0182024
005 20140210144559.5
022 |a 1465-6493 
041 0 |a ger 
044 |a GB 
245 1 0 |a Perspektiven der Wirtschaftspolitik  |b <eine> Zeitschrift des Vereins für Socialpolitik 
264 1 |a Oxford  |b Blackwell Publ.  |c 2010 
773 0 |w eu_un_cat*s122606 
610 2 0 |a politika hospodárska